[Event "PohÃ¡r mÄ›sta Å˜Ã­Ä�any 2020"]
[Site "MÄ›stskÃ© kulturnÃ­ stÅ™edisko U labutÄ›"]
[Date "2020.08.27"]
[Round "7.1"]
[White "Vojta, Tomas"]
[Black "Plischki, Sebastian"]
[Result "1-0"]
[WhiteElo "2328"]
[BlackElo "2356"]
[PlyCount "0"]
[EventDate "2020.08.22"]

1. d4 {[%clk 01:30:43]} {[%emt 00:00:16]} d5 {[%clk 01:30:43]} {[%emt
00:00:17]} 2. Bf4 {[%clk 01:30:48]} {[%emt 00:00:26]} Nf6 {[%clk 01:30:56]}
{[%emt 00:00:17]} 3. e3 {[%clk 01:30:38]} {[%emt 00:00:40]} e6 {[%clk
01:31:18]} {[%emt 00:00:08]} 4. Nd2 {[%clk 01:29:55]} {[%emt 00:01:12]} Bd6
{[%clk 01:31:28]} {[%emt 00:00:20]} 5. c3 {[%clk 01:27:01]} {[%emt 00:03:25]}
O-O {[%clk 01:30:55]} {[%emt 00:01:03]} 6. Bd3 {[%clk 01:25:23]} {[%emt
00:02:07]} b6 {[%clk 01:29:58]} {[%emt 00:01:27]} 7. Ngf3 {[%clk 01:23:06]}
{[%emt 00:02:48]} c5 {[%clk 01:27:48]} {[%emt 00:02:40]} 8. Ne5 {[%clk
01:16:37]} {[%emt 00:06:59]} Qc7 {[%clk 01:24:41]} {[%emt 00:03:37]} 9. Bg3
{[%clk 01:14:07]} {[%emt 00:03:00]} Ba6 {[%clk 01:20:08]} {[%emt 00:05:03]} 10.
Bxa6 {[%clk 01:11:50]} {[%emt 00:02:48]} Nxa6 {[%clk 01:20:32]} {[%emt
00:00:06]} 11. f4 {[%clk 01:10:33]} {[%emt 00:01:47]} Nb8 {[%clk 01:19:12]}
{[%emt 00:01:49]} 12. O-O {[%clk 01:09:31]} {[%emt 00:01:31]} Nbd7 {[%clk
01:18:27]} {[%emt 00:01:16]} 13. Qf3 {[%clk 01:06:27]} {[%emt 00:03:34]} Rac8
{[%clk 01:16:45]} {[%emt 00:02:12]} 14. Bh4 {[%clk 01:04:43]} {[%emt 00:02:14]}
Qb7 {[%clk 01:12:32]} {[%emt 00:04:43]} 15. Rad1 {[%clk 01:00:49]} {[%emt
00:04:24]} b5 {[%clk 01:09:07]} {[%emt 00:03:54]} 16. Kh1 {[%clk 00:58:27]}
{[%emt 00:02:52]} Rc7 {[%clk 01:06:32]} {[%emt 00:03:05]} 17. Nxd7 {[%clk
00:53:29]} {[%emt 00:05:28]} Nxd7 {[%clk 01:04:38]} {[%emt 00:02:23]} 18. f5
{[%clk 00:52:41]} {[%emt 00:01:19]} e5 {[%clk 01:00:45]} {[%emt 00:04:23]} 19.
f6 {[%clk 00:42:01]} {[%emt 00:11:10]} e4 {[%clk 00:59:10]} {[%emt 00:02:04]}
20. Qh5 {[%clk 00:41:32]} {[%emt 00:00:59]} gxf6 {[%clk 00:56:39]} {[%emt
00:03:02]} 21. Bxf6 {[%clk 00:40:43]} {[%emt 00:01:19]} 1-0

[Event "PohÃ¡r mÄ›sta Å˜Ã­Ä�any 2020"]
[Site "MÄ›stskÃ© kulturnÃ­ stÅ™edisko U labutÄ›"]
[Date "2020.08.27"]
[Round "7.2"]
[White "Zvolensky, David"]
[Black "Zizka, Petr"]
[Result "1/2-1/2"]
[WhiteElo "2048"]
[BlackElo "2046"]
[PlyCount "0"]
[EventDate "2020.08.22"]

1. e4 c5 2. Nf3 Nc6 3. d4 cxd4 4. Nxd4 Nf6 5. Nc3 e5 6. Ndb5 d6 7. Bg5 a6
8. Na3 b5 9. Bxf6 gxf6 10. Nd5 Bg7 11. g3 Rb8 12. Bg2 Ne7 13. Nxe7 Qxe7 14. Qd3
O-O 15. O-O f5 16. exf5 e4 17. Bxe4 Bxb2 18. f6 Qxf6 19. Rad1 d5 20. Bxd5 Bh3
21. Rfe1 Rfd8 22. Nb1 Bg4 23. Rd2 b4 24. Qc4 Bh5 25. Re4 Re8 26. Bc6 Rec8
27. Qc5 Qxc6 28. Rd8+ Rxd8 29. Qxc6 Bf3 30. Re8+ Rxe8 31. Qxf3 Re1+ 32. Kg2 Rxb1
33. Qf4 Rb6 34. Qc7 Rf6 35. Qb8+ Kg7 36. Qxb4 a5 37. Qxa5 Bd4 38. c4 Rb2 39. Qa4
Bc3 40. Kf1 Re6 41. h4 Bf6 42. g4 Re4 43. Qc6 Rf4 44. g5 {partie - nesmyslný
tah} 1/2-1/2

[Event "PohÃ¡r mÄ›sta Å˜Ã­Ä�any 2020"]
[Site "MÄ›stskÃ© kulturnÃ­ stÅ™edisko U labutÄ›"]
[Date "2020.08.27"]
[Round "7.3"]
[White "Elias, Jakub"]
[Black "Petr, Jakub"]
[Result "1/2-1/2"]
[WhiteElo "1937"]
[BlackElo "2236"]
[PlyCount "0"]
[EventDate "2020.08.22"]

1. e4 c5 2. Nf3 Nc6 3. d4 cxd4 4. Nxd4 Nf6 5. Nc3 e5 6. Ndb5 d6 7. Bg5 a6
8. Na3 b5 9. Nd5 Be7 10. Bxf6 Bxf6 11. c3 O-O 12. Nc2 Rb8 13. a4 bxa4 14. Ncb4
Nxb4 15. cxb4 Bg5 16. Rxa4 a5 17. b5 Bd7 18. Nc3 Qb6 19. Bc4 Be6 20. O-O Kh8
21. Qe2 Rbc8 22. Nd5 Qc5 23. Kh1 g6 24. b3 f5 25. Nc3 Bxc4 26. Rxc4 Qa3 27. Qc2
Rxc4 28. bxc4 Qc5 29. Na4 Qd4 30. exf5 gxf5 31. Rd1 Qh4 32. b6 f4 33. f3 Bd8
34. c5 dxc5 35. Qxc5 Qf6 36. b7 Be7 37. Qxa5 e4 38. Qb6 Qe5 39. fxe4 f3 40. gxf3
Qf4 41. Qf2 Bd6 42. Rg1 Bb8 43. Qg2 Be5 44. Nc5 Qf7 45. Qg4 Bd4 46. Ne6 Bxg1
47. Nxf8 Ba7 48. Nd7 Qc4 49. Qg1 Qd3 50. Qxa7 Qf1+ 1/2-1/2

[Event "PohÃ¡r mÄ›sta Å˜Ã­Ä�any 2020"]
[Site "MÄ›stskÃ© kulturnÃ­ stÅ™edisko U labutÄ›"]
[Date "2020.08.27"]
[Round "7.4"]
[White "Rut, Vojtech"]
[Black "Horak, Jan"]
[Result "1-0"]
[WhiteElo "2043"]
[BlackElo "2029"]
[PlyCount "0"]
[EventDate "2020.08.22"]

1. d4 d5 2. Nf3 Nf6 3. Bf4 c5 4. e3 Nc6 5. Nbd2 cxd4 6. exd4 Qb6 7. Nb3 Bg4
8. h3 Bh5 9. c3 e6 10. g4 Bg6 11. Nh4 Be7 12. Nxg6 hxg6 13. Bd3 a5 14. Rb1 Rc8
15. Nd2 Kd7 16. a3 Bd6 17. Bxd6 Kxd6 18. Qf3 Ke7 19. O-O Qc7 20. Rfe1 g5 21. Re3
Rh4 22. Nf1 Rch8 23. Qg2 Kd7 24. b4 axb4 25. axb4 Ra8 26. b5 Na5 27. b6 Qd6
28. c4 Nc6 29. Ng3 Nxd4 30. cxd5 {partie neèitelná} 1-0

[Event "PohÃ¡r mÄ›sta Å˜Ã­Ä�any 2020"]
[Site "MÄ›stskÃ© kulturnÃ­ stÅ™edisko U labutÄ›"]
[Date "2020.08.27"]
[Round "7.5"]
[White "Stanek, Ondrej"]
[Black "Voracek, Zdenek"]
[Result "1-0"]
[WhiteElo "2074"]
[BlackElo "1903"]
[PlyCount "0"]
[EventDate "2020.08.22"]

1. e4 Nf6 2. e5 Nd5 3. d4 d6 4. Nf3 Bg4 5. Be2 e6 6. O-O Be7 7. h3 Bh5 8. c4
Nb6 9. Nc3 O-O 10. Be3 d5 11. c5 Bxf3 12. gxf3 N6d7 13. f4 Nc6 14. Bf3 b6
15. Nxd5 exd5 16. Bxd5 Ndb8 17. Qf3 Qd7 18. cxb6 axb6 19. Rac1 Nxd4 20. Bxd4 Ra4
21. Be3 c5 22. b3 Rxa2 23. f5 Qc7 24. f6 Bd8 25. Qg4 g6 26. Qg5 Kh8 27. b4 Qd7
28. Bxa2 1-0

[Event "PohÃ¡r mÄ›sta Å˜Ã­Ä�any 2020"]
[Site "MÄ›stskÃ© kulturnÃ­ stÅ™edisko U labutÄ›"]
[Date "2020.08.27"]
[Round "7.6"]
[White "Rehak, Martin"]
[Black "Pecka, Jan"]
[Result "1/2-1/2"]
[WhiteElo "2023"]
[BlackElo "1610"]
[PlyCount "0"]
[EventDate "2020.08.22"]

1. g3 Nf6 2. Bg2 g6 3. Nf3 c5 4. c4 Bg7 5. O-O O-O 6. d4 cxd4 7. Nxd4 Nc6
8. Nc3 Nxd4 9. Qxd4 d6 10. Qd2 Rb8 11. b3 Bd7 12. Bb2 Bc6 13. e4 Qa5 14. Rfd1
Rfc8 15. Rac1 a6 16. Nd5 Qxd2 17. Nxf6+ Bxf6 18. Rxd2 Bxb2 19. Rxb2 Bd7 20. Rbc2
h6 21. Kf1 Kf8 22. Ke2 Be6 23. Ke3 Rc6 24. Bf1 Rbc8 25. Bd3 a5 26. f4 f6 27. Kf3
Ke8 28. g4 Rc5 29. a3 h5 30. h3 g5 31. fxg5 Bf7 32. gxh5 Bd5 33. Ke3 {partie
neèitelná} 1/2-1/2

[Event "PohÃ¡r mÄ›sta Å˜Ã­Ä�any 2020"]
[Site "MÄ›stskÃ© kulturnÃ­ stÅ™edisko U labutÄ›"]
[Date "2020.08.27"]
[Round "7.7"]
[White "Hrdina, Robin"]
[Black "Plasek, Zdenek"]
[Result "1/2-1/2"]
[WhiteElo "2243"]
[BlackElo "1967"]
[PlyCount "0"]
[EventDate "2020.08.22"]

1. e4 c5 2. c3 d5 3. exd5 Qxd5 4. d4 Nc6 5. Nf3 Nf6 6. Be3 cxd4 7. cxd4 e6
8. Nc3 Qd6 9. Bd3 Be7 10. O-O O-O 11. a3 Bd7 12. Rc1 Nd5 13. Bb1 Rac8 14. Qd3 f5
15. Rfe1 Rfe8 16. Ba2 Bf6 17. Bg5 Nce7 18. Nxd5 Nxd5 19. Bxf6 gxf6 20. Qd2 Kg7
21. Qa5 Bc6 22. Bxd5 Bxd5 23. Qxa7 Qf4 24. Rxc8 Rxc8 25. Qa4 Rc1 26. Qb4 Bxf3
27. Qe7+ Kg6 28. Qe8+ Kh6 29. Qf8+ Kg6 30. Qg8+ Kh6 31. Qf8+ Kg6 32. Qg8+ Kh6
33. Qf8+ 1/2-1/2

[Event "PohÃ¡r mÄ›sta Å˜Ã­Ä�any 2020"]
[Site "MÄ›stskÃ© kulturnÃ­ stÅ™edisko U labutÄ›"]
[Date "2020.08.27"]
[Round "7.8"]
[White "Skala, Jaromir"]
[Black "Skypala, Ondrej"]
[Result "0-1"]
[WhiteElo "1891"]
[BlackElo "2129"]
[PlyCount "0"]
[EventDate "2020.08.22"]

1. d4 Nf6 2. c4 g6 3. Nc3 Bg7 4. e4 d6 5. Be2 O-O 6. Nf3 e5 7. O-O Nc6 8. d5
Ne7 9. Ne1 Nd7 10. Be3 f5 11. f3 f4 12. Bf2 a5 13. Nd3 b6 14. a3 g5 15. b4 axb4
16. axb4 Rxa1 17. Qxa1 Nf6 18. c5 bxc5 19. bxc5 Ng6 20. cxd6 cxd6 21. Rb1 g4
22. Nb4 g3 23. hxg3 fxg3 24. Bxg3 Nh5 25. Bf2 Ngf4 26. Kf1 Qg5 27. g4 Bh6
28. Qa2 Nh3 29. Nd1 Bxg4 30. fxg4 Ng3+ 31. Kg2 Nxe2 32. Kxh3 Rf3+ 33. Kg2 Qxg4+
34. Kf1 Ng3+ 35. Ke1 Qxe4+ 36. Ne3 Bxe3 37. Bxg3 Bf4+ 0-1

[Event "PohÃ¡r mÄ›sta Å˜Ã­Ä�any 2020"]
[Site "MÄ›stskÃ© kulturnÃ­ stÅ™edisko U labutÄ›"]
[Date "2020.08.27"]
[Round "7.9"]
[White "Ocelak, Jakub"]
[Black "Otruba, Marek"]
[Result "1/2-1/2"]
[WhiteElo "1949"]
[BlackElo "2079"]
[PlyCount "0"]
[EventDate "2020.08.22"]

1. b3 a5 2. Nf3 Nf6 3. c4 g6 4. Bb2 Bg7 5. e3 O-O 6. Be2 d6 7. d3 c6 8. a3 Na6
9. Nbd2 e5 10. Qc2 h6 11. h3 Qc7 12. O-O Nh7 13. Bc3 f5 14. b4 g5 15. Nh2 f4
16. Nb3 Nf6 17. Qd2 axb4 18. axb4 Bf5 19. Ra5 Qd7 20. Ng4 Rfe8 21. b5 Nc7
22. bxc6 bxc6 23. Ra7 Rac8 24. Nxf6+ Bxf6 25. Ra5 {neèitelné} 1/2-1/2

[Event "PohÃ¡r mÄ›sta Å˜Ã­Ä�any 2020"]
[Site "MÄ›stskÃ© kulturnÃ­ stÅ™edisko U labutÄ›"]
[Date "2020.08.27"]
[Round "7.10"]
[White "Le, Anh Dung"]
[Black "Petras, Milan"]
[Result "1/2-1/2"]
[WhiteElo "1616"]
[BlackElo "1996"]
[PlyCount "0"]
[EventDate "2020.08.22"]

1. e4 e6 2. d4 d5 3. Nd2 dxe4 4. Nxe4 Nd7 5. Nf3 Ngf6 6. Nxf6+ Nxf6 7. c3 c5
8. Bb5+ Bd7 9. Bxd7+ Nxd7 10. O-O Be7 11. dxc5 Bxc5 12. Qa4 Qc7 13. Bf4 Qc6
14. Qxc6 bxc6 15. b4 Be7 16. Ne5 Nxe5 17. Bxe5 f6 18. Bg3 Kf7 19. Rfd1 Rad8
20. Bc7 Rd5 21. Ba5 Bd8 22. Rxd5 cxd5 23. Bxd8 Rxd8 24. f3 Rc8 25. Rc1 e5
26. Kf2 Ke6 27. Ke2 f5 28. Kd3 Rc4 29. Rb1 Rh4 30. h3 Kd6 31. a4 Kc6 32. Rb2
1/2-1/2

[Event "PohÃ¡r mÄ›sta Å˜Ã­Ä�any 2020"]
[Site "MÄ›stskÃ© kulturnÃ­ stÅ™edisko U labutÄ›"]
[Date "2020.08.27"]
[Round "7.11"]
[White "Svoboda, Jaromir"]
[Black "Reljic, Michael"]
[Result "1/2-1/2"]
[WhiteElo "1977"]
[BlackElo "1957"]
[PlyCount "0"]
[EventDate "2020.08.22"]

1. e4 e5 2. Nf3 Nc6 3. Bc4 Nf6 4. O-O Be7 5. d4 d6 6. dxe5 Nxe5 7. Nxe5 dxe5
8. Nc3 Bg4 9. f3 Be6 10. Bxe6 Bc5+ 11. Kh1 fxe6 12. Qe2 Qe7 13. Be3 O-O 14. Rad1
Rad8 1/2-1/2

[Event "PohÃ¡r mÄ›sta Å˜Ã­Ä�any 2020"]
[Site "MÄ›stskÃ© kulturnÃ­ stÅ™edisko U labutÄ›"]
[Date "2020.08.27"]
[Round "7.12"]
[White "Lhotsky, Frantisek"]
[Black "Kopecky, Jiri"]
[Result "1/2-1/2"]
[WhiteElo "1975"]
[BlackElo "1921"]
[PlyCount "0"]
[EventDate "2020.08.22"]

1. d4 Nf6 2. c4 g6 3. Nc3 Bg7 4. e4 d6 5. Nf3 O-O 6. Be2 Nbd7 7. O-O e5 8. Re1
exd4 9. Nxd4 Nc5 10. Bf1 Bg4 11. f3 Bd7 12. Be3 a5 13. b3 Be6 14. Nce2 Nh5
15. Rc1 Be5 16. Qd2 f5 17. f4 Bg7 18. exf5 gxf5 {partie neèitelná} 1/2-1/2

[Event "PohÃ¡r mÄ›sta Å˜Ã­Ä�any 2020"]
[Site "MÄ›stskÃ© kulturnÃ­ stÅ™edisko U labutÄ›"]
[Date "2020.08.27"]
[Round "7.13"]
[White "Cermak, Jan"]
[Black "Strnad, Michael"]
[Result "1-0"]
[WhiteElo "1971"]
[BlackElo "1813"]
[PlyCount "0"]
[EventDate "2020.08.22"]

1. e4 c5 2. Nf3 g6 3. Nc3 Bg7 4. g3 Nc6 5. Bg2 d6 6. d3 e5 7. O-O h6 8. Nd5 Nf6
9. Nd2 O-O 10. c3 Nxd5 11. exd5 Ne7 12. f4 exf4 13. Rxf4 Bf5 14. Nb3 Qd7 15. g4
g5 16. Rxf5 Nxf5 17. gxf5 Qxf5 18. Qf3 Qd7 19. h4 g4 20. Qg3 f5 21. Bf4 Rad8
22. Na5 Rfe8 23. Nc4 Bf8 24. a4 b6 25. Kf2 Kh7 26. b4 cxb4 27. cxb4 Bg7 28. Ra2
Bc3 29. Ne3 Bxb4 30. Nc2 Bc3 31. d4 Bb4 32. Qd3 Kg6 33. Ne3 Rc8 34. Rc2 Rxc2+
35. Qxc2 Rc8 36. h5+ Kxh5 37. Qb2 Rg8 38. Qxb4 {partie není èitelná} 1-0

[Event "PohÃ¡r mÄ›sta Å˜Ã­Ä�any 2020"]
[Site "MÄ›stskÃ© kulturnÃ­ stÅ™edisko U labutÄ›"]
[Date "2020.08.27"]
[Round "7.14"]
[White "Sargsyan, Karen"]
[Black "Koper, Stefan"]
[Result "0-1"]
[WhiteElo "1918"]
[BlackElo "1871"]
[PlyCount "0"]
[EventDate "2020.08.22"]

1. c4 g6 2. Nf3 Bg7 3. d4 b6 4. e4 Bb7 5. Nc3 d6 6. Be2 c5 7. d5 Nd7 8. O-O f6
9. Ne1 Nh6 10. Nd3 O-O 11. Nf4 Qb8 12. Ne6 Rc8 13. Nxg7 Kxg7 14. Qd2 Nf7 15. Bg4
Rd8 16. f4 Nf8 17. Qf2 Bc8 18. Bxc8 Qxc8 19. Qh4 a6 20. Bd2 Qd7 21. a4 Rab8
22. Rac1 h6 23. e5 g5 24. Qh5 dxe5 25. fxe5 Nh8 26. exf6+ exf6 27. Ne4 f5
28. Bxg5 hxg5 29. Qxg5+ Nhg6 30. Ng3 Re8 31. Nh5+ Kh7 32. Rxf5 Ne5 {bílý prohrál
na èas} 0-1

[Event "PohÃ¡r mÄ›sta Å˜Ã­Ä�any 2020"]
[Site "MÄ›stskÃ© kulturnÃ­ stÅ™edisko U labutÄ›"]
[Date "2020.08.27"]
[Round "7.16"]
[White "Bartos, Vaclav"]
[Black "Svetly, Jiri"]
[Result "1-0"]
[WhiteElo "1976"]
[BlackElo "1835"]
[PlyCount "0"]
[EventDate "2020.08.22"]

1. d4 Nf6 2. c4 g6 3. Nc3 Bg7 4. e4 d6 5. Nf3 O-O 6. Be2 e5 7. d5 Nbd7 8. Bg5
h6 9. Be3 Nc5 10. Nd2 a5 11. h4 h5 12. Bg5 Qd7 13. Qc2 Ng4 14. f3 Nh6 15. O-O-O
f6 16. Be3 f5 17. Bg5 Nf7 18. Rdg1 Nxg5 19. hxg5 f4 20. g3 Qe7 21. g4 h4
22. Rxh4 Qxg5 23. Rgh1 Bd7 24. Qd1 Kf7 25. R1h2 Rh8 26. Qh1 Rxh4 27. Rxh4 Rg8
28. Rh7 c6 29. Nb3 Nxb3+ 30. axb3 c5 31. Qh3 Ra8 32. Na4 Rg8 33. Nb6 Qe7 34. Bf1
Be8 35. g5 Qc7 36. Na4 Kf8 37. Qh4 Bd7 38. Nc3 Qc8 39. Nb5 Bxb5 40. cxb5 c4
41. bxc4 Qc5 42. Kc2 a4 43. Qe1 Kf7 44. Bh3 Qe3 45. Be6+ Kf8 46. Bxg8 Qb3+
47. Kc1 Qxc4+ 48. Kb1 Kxg8 49. Rh2 Qxb5 50. Qh1 Kf7 51. Rf2 Qb3 52. Qh7 1-0

[Event "PohÃ¡r mÄ›sta Å˜Ã­Ä�any 2020"]
[Site "MÄ›stskÃ© kulturnÃ­ stÅ™edisko U labutÄ›"]
[Date "2020.08.27"]
[Round "7.17"]
[White "Salac, Jiri"]
[Black "Neuhoff, Laertes"]
[Result "1/2-1/2"]
[WhiteElo "1914"]
[BlackElo "1700"]
[PlyCount "0"]
[EventDate "2020.08.22"]

1. d4 d5 2. Bf4 Nf6 3. e3 c5 4. c3 Nc6 5. Nd2 Bf5 6. Qb3 Qd7 7. Ngf3 c4 8. Qd1
e6 9. Be2 b5 10. a3 Bd6 11. Ne5 Bxe5 12. dxe5 Ne4 13. Nf3 Nc5 14. O-O O-O
15. Nd4 Nxd4 16. exd4 Nd3 17. Qd2 a5 18. Bg3 Rfb8 19. b4 axb4 20. axb4 Ra7
21. Ra2 Rba8 22. Rfa1 Ra4 23. Bd1 Rxa2 24. Rxa2 Qb7 25. f3 Ra7 26. Ra5 Rxa5
27. bxa5 Qa7 28. Qa2 b4 29. Bf2 Nxf2 30. Kxf2 bxc3 31. Ke3 c2 32. Bxc2 Bxc2
33. a6 Bb3 34. Qa5 h6 35. Qb5 Qe7 36. Qb8+ Kh7 37. a7 Qg5+ 38. Ke2 Qxg2+ 39. Ke3
Qg5+ 1/2-1/2

[Event "PohÃ¡r mÄ›sta Å˜Ã­Ä�any 2020"]
[Site "MÄ›stskÃ© kulturnÃ­ stÅ™edisko U labutÄ›"]
[Date "2020.08.27"]
[Round "7.18"]
[White "Holub, Adam"]
[Black "Lhotsky, Zdenek"]
[Result "0-1"]
[WhiteElo "1746"]
[BlackElo "1831"]
[PlyCount "0"]
[EventDate "2020.08.22"]

1. Nf3 d5 2. d4 Nf6 3. g3 c5 4. c3 cxd4 5. cxd4 Nc6 6. Nc3 Bf5 7. Bg2 e6 8. a3
Be7 9. O-O h6 10. Bf4 O-O 11. Rc1 Rc8 12. Ne5 Qb6 13. Nxc6 Rxc6 14. Qd2 Rfc8
15. Rfd1 Qb3 16. f3 Bxa3 17. e4 dxe4 18. fxe4 Bxb2 19. Rb1 Qxc3 20. exf5 Rb6
21. Qxc3 Rxc3 22. fxe6 fxe6 23. d5 exd5 24. Be5 Rc2 25. Bxf6 gxf6 26. Bxd5+ Kf8
27. Be4 Rc4 28. Bf5 Bd4+ 29. Kg2 Rxb1 30. Rxb1 b6 31. Re1 a5 32. Re6 a4 33. Rd6
a3 34. Rd8+ Ke7 35. Rd7+ Ke8 36. Ra7 Bc5 37. Kf3 b5 38. Ra8+ Ke7 39. Ke2 b4
40. Kd3 Rc3+ 41. Kd2 Rf3 42. g4 a2 43. Kc2 b3+ 0-1

[Event "PohÃ¡r mÄ›sta Å˜Ã­Ä�any 2020"]
[Site "MÄ›stskÃ© kulturnÃ­ stÅ™edisko U labutÄ›"]
[Date "2020.08.27"]
[Round "7.19"]
[White "Kalvach, Ladislav"]
[Black "Hejsek, Lukas"]
[Result "0-1"]
[WhiteElo "1761"]
[BlackElo "1991"]
[PlyCount "0"]
[EventDate "2020.08.22"]

1. d4 Nf6 2. Bf4 e6 3. c3 d5 4. Nd2 c5 5. e3 Bd6 6. Bxd6 Qxd6 7. Ngf3 Nc6
8. dxc5 Qxc5 9. Nb3 Qb6 10. Qc2 O-O 11. a4 e5 12. a5 Qc7 13. Be2 Be6 14. Ng5 Bd7
15. h4 g6 16. h5 Bf5 17. Qd1 h6 18. g4 hxg5 19. gxf5 gxf5 20. Qc2 e4 21. O-O-O
Kh7 22. f3 Qe5 23. fxe4 dxe4 24. Rdg1 Rg8 25. Bc4 Nd5 26. Qh2 Rad8 27. Nd4 Qxh2
28. Rxh2 Nxd4 29. cxd4 f6 30. b4 Rg7 31. Bxd5 Rxd5 32. Rd1 Rc7+ 33. Kb2 f4
34. Kb3 Rcd7 35. h6 g4 36. Kc4 f3 37. Rc1 f5 38. b5 {Partie dále neèitelná} 0-1

[Event "PohÃ¡r mÄ›sta Å˜Ã­Ä�any 2020"]
[Site "MÄ›stskÃ© kulturnÃ­ stÅ™edisko U labutÄ›"]
[Date "2020.08.27"]
[Round "7.20"]
[White "Vavrinec, Tomas"]
[Black "Kubice, Jakub"]
[Result "0-1"]
[WhiteElo "1927"]
[BlackElo "1724"]
[PlyCount "0"]
[EventDate "2020.08.22"]

1. c4 c6 2. Nf3 d5 3. g3 Nf6 4. Bg2 g6 5. O-O Bg7 6. d4 O-O 7. Nc3 dxc4 8. a4
Nd5 9. e4 Nxc3 10. bxc3 c5 11. Be3 cxd4 12. cxd4 Nc6 13. Rc1 Na5 14. Qc2 b6
15. Ne5 Ba6 16. Rfd1 Rc8 17. Bh3 e6 18. f4 Qe7 19. d5 Rfd8 20. Nxf7 Kxf7
21. Bxe6+ Kf8 22. f5 Nb3 23. fxg6 Nxc1 24. Rf1+ Ke8 25. Rf7 Nd3 26. Rxe7+ Kxe7
27. Bxc8 Rxc8 28. gxh7 Rh8 29. Bg5+ Kd6 30. a5 b5 31. Qe2 Bd4+ 32. Be3 Bxe3+
33. Qxe3 Rxh7 34. Qg5 Rc7 35. Qf6+ Kc5 36. Qxa6 c3 37. d6 Rc6 38. Qxa7+ Kxd6
39. Qd4+ Kc7 40. Qa7+ Kc8 41. Qa8+ Kd7 42. Qb7+ Kd6 43. Qb8+ Kc5 44. Qg8 Kb4
45. Qd5 Rc4 46. Qxd3 Kxa5 47. Qd8+ Ka4 48. Qd6 c2 49. Qa6+ Kb4 50. Qd6+ Kb3
51. Qd3+ Ka4 0-1

[Event "PohÃ¡r mÄ›sta Å˜Ã­Ä�any 2020"]
[Site "MÄ›stskÃ© kulturnÃ­ stÅ™edisko U labutÄ›"]
[Date "2020.08.27"]
[Round "7.21"]
[White "Mejzr, Jan"]
[Black "Vit, Zdenek"]
[Result "1-0"]
[WhiteElo "1849"]
[BlackElo "1703"]
[PlyCount "0"]
[EventDate "2020.08.22"]

1. e4 e5 2. Nf3 Nc6 3. d4 exd4 4. Bc4 Nf6 5. e5 d5 6. Bb5 Ne4 7. Nxd4 Bd7
8. Bxc6 bxc6 9. O-O Bc5 10. c3 O-O 11. f3 Ng5 12. f4 Ne4 13. Be3 Bxd4 14. cxd4
Qc8 15. Qc2 g6 16. f5 Bxf5 17. Qxc6 Qd7 18. Qxd7 Bxd7 19. Rc1 c6 20. Nc3 Nxc3
21. Rxc3 Rfb8 22. b3 Kg7 23. Bg5 Re8 24. Rf3 Rab8 25. Bd2 a6 26. b4 Rb7 27. Raf1
Be6 28. Rc1 Bd7 29. a4 Reb8 30. Rc5 Ra8 31. Rf6 Be8 32. h4 h5 33. Ra5 Rba7
34. Kf2 Bd7 35. Kf3 Be6 36. Kf4 Bd7 37. Ke3 Be6 38. Rc5 Rc8 39. Kd3 Bf5+ 40. Kc3
Be6 41. Kb3 Rb7 42. Ka3 Ra7 43. Rf1 Bd7 44. Bg5 Re8 45. Rfc1 Rb7 46. Ra5 Ra7
47. Rcc5 Rea8 48. Be7 Re8 49. Bd6 Rea8 50. Rc1 Be8 51. Bc5 Rb7 52. Rf1 Bd7
53. g3 Be8 54. Rf6 Rc7 55. Rd6 Rb7 56. Rf6 Bd7 57. Rd6 Be8 58. Rf6 Bd7 59. Rf2
Be6 60. Rb2 Bd7 61. Re2 Bg4 62. Re3 Bd7 63. Bd6 Be6 64. Rc5 Bd7 65. Rec3 1-0

[Event "PohÃ¡r mÄ›sta Å˜Ã­Ä�any 2020"]
[Site "MÄ›stskÃ© kulturnÃ­ stÅ™edisko U labutÄ›"]
[Date "2020.08.27"]
[Round "7.22"]
[White "Maslo, Ondrej"]
[Black "Pejrimovska, Viola Ruby"]
[Result "1/2-1/2"]
[WhiteElo "1834"]
[BlackElo "1569"]
[PlyCount "0"]
[EventDate "2020.08.22"]

1. e4 c5 2. c3 Nf6 3. e5 Nd5 4. d4 cxd4 5. Nf3 Nc6 6. cxd4 d6 7. Bc4 dxe5
8. Nxe5 e6 9. O-O Be7 10. Nc3 O-O 11. Nxd5 exd5 12. Nxc6 bxc6 13. Bd3 Bf6
14. Be3 Rb8 15. Qc2 g6 16. b3 Qb6 17. Bf4 Rb7 18. Bd6 Re8 19. Bc5 Qd8 20. Rfe1
Be6 21. Re2 Bg7 22. Rae1 Qh4 23. Ba6 Rd7 24. Qc3 Rb8 25. Qg3 Qxg3 26. hxg3 Bf8
27. Rc2 Bxc5 28. Rxc5 Rb6 29. Bc8 Re7 30. f4 Re8 31. Bxe6 Rxe6 32. Rxe6 fxe6
33. Ra5 a6 34. Rc5 Kf7 35. g4 g5 36. g3 Rb4 37. Rxc6 Rxd4 38. Rxa6 gxf4 39. Kf2
Rd2+ 40. Kf3 fxg3 41. Kxg3 e5 42. g5 Rd3+ 43. Kf2 e4 44. Ke2 d4 45. b4 Rg3
46. b5 Rg2+ 47. Ke1 Rxg5 48. Ra4 Rxb5 49. Rxd4 Rb1+ 50. Ke2 Rb2+ 51. Ke3 Rxa2
52. Kxe4 Rg2 53. Kf3 Rg5 54. Rg4 1/2-1/2

[Event "PohÃ¡r mÄ›sta Å˜Ã­Ä�any 2020"]
[Site "MÄ›stskÃ© kulturnÃ­ stÅ™edisko U labutÄ›"]
[Date "2020.08.27"]
[Round "7.23"]
[White "Kacirek, Pavel"]
[Black "Steiner, Juraj"]
[Result "0-1"]
[WhiteElo "1778"]
[BlackElo "1953"]
[PlyCount "0"]
[EventDate "2020.08.22"]

1. d4 Nf6 2. Nf3 e6 3. e3 c5 4. Be2 Nc6 5. O-O b6 6. b3 Bb7 7. Ba3 d6 8. dxc5
bxc5 9. c4 Be7 10. Nc3 O-O 11. Qd2 a6 12. Rfd1 Qc7 13. Rac1 Rad8 14. Qb2 Nd7
15. Qb1 Nde5 16. h3 f5 17. Bb2 Rf6 18. Kf1 Rdf8 19. Na4 Rg6 20. Ne1 Nd8 21. Bxe5
dxe5 22. Qd3 Bc6 23. Kg1 Qb7 24. f3 e4 25. Qc3 exf3 26. Bd3 Bh4 0-1

[Event "PohÃ¡r mÄ›sta Å˜Ã­Ä�any 2020"]
[Site "MÄ›stskÃ© kulturnÃ­ stÅ™edisko U labutÄ›"]
[Date "2020.08.27"]
[Round "7.24"]
[White "Pavlicek, Petr"]
[Black "Rucabado, Stefan"]
[Result "1-0"]
[WhiteElo "1860"]
[BlackElo "1570"]
[PlyCount "0"]
[EventDate "2020.08.22"]

1. Nf3 Nf6 2. d4 g6 3. c4 Bg7 4. g3 O-O 5. Bg2 d6 6. Nc3 Nc6 7. d5 Nb8 8. O-O
a5 9. e4 e5 10. dxe6 Bxe6 11. Qe2 Na6 12. h3 Re8 13. Be3 Bd7 14. Nd4 Nc5 15. Qc2
Qc8 16. Kh2 Ne6 17. Rad1 Nxd4 18. Bxd4 Bc6 19. Rd2 Nd7 20. Bxg7 Kxg7 21. b3 Nc5
22. Nd5 Bxd5 23. cxd5 f5 24. exf5 Qxf5 25. Qxf5 gxf5 26. f4 Re3 27. g4 h6 28. g5
hxg5 29. fxg5 Kg6 30. Rdf2 Re5 31. h4 Nd3 32. Rxf5 Re2 33. Rf6+ Kh5 1-0

[Event "PohÃ¡r mÄ›sta Å˜Ã­Ä�any 2020"]
[Site "MÄ›stskÃ© kulturnÃ­ stÅ™edisko U labutÄ›"]
[Date "2020.08.27"]
[Round "7.25"]
[White "Dome, Michal"]
[Black "Popovsky, Ondrej"]
[Result "0-1"]
[WhiteElo "1802"]
[BlackElo "1766"]
[PlyCount "0"]
[EventDate "2020.08.22"]

1. d4 d5 2. c4 c6 3. Nf3 Nf6 4. Nc3 Nbd7 5. cxd5 cxd5 6. Bf4 e6 7. a3 Be7 8. e3
Nh5 9. Bg3 Nxg3 10. hxg3 f5 11. Rc1 a6 12. Qc2 b5 13. b4 Bb7 14. Be2 Rc8 15. Qb2
Nb6 16. Ne5 O-O 17. g4 Bd6 18. Nd3 Nc4 19. Qa2 Qg5 20. Rh5 Qg6 21. gxf5 Qxg2
22. Bf1 Qg4 23. Rh1 Rxf5 24. Nc5 Bxc5 25. bxc5 Rcf8 26. Nd1 e5 27. Be2 Qg2
28. Rf1 exd4 29. exd4 Re8 30. a4 b4 31. Rxc4 dxc4 32. Qxc4+ Qd5 33. Qxb4 Rf4
34. Ne3 Qxd4 35. Qb3+ Kh8 36. Nc2 Qxc5 37. Qxb7 Qxf2+ 0-1